[Event "EM/4/I/06 corr"]
[Site "CAPA email"]
[Date "1999.??.??"]
[Round "3"]
[White "Mateo, Sebastian"]
[Black "Pinasco, Juan Pablo"]
[Result "0-1"]
[WhiteElo "2000"]
[BlackElo "2000"]
[PlyCount "34"]
[EventDate "1999.06.24"]
[EventType "tourn (corr)"]
[EventRounds "4"]
[EventCountry "ARG"]
[SourceTitle "Corr 2002"]
[Source "ChessBase"]
[SourceDate "2002.05.23"]
[SourceVersion "1"]
[SourceVersionDate "2002.05.23"]
[SourceQuality "1"]

1. e4 e5 2. Nc3 Nf6 3. Bc4 Nxe4 4. Qh5 Nd6 5. Bb3 Nc6 6. Nb5 g6 7. Qf3 Qe7 8. Nxc7+ Kd8 9. Nxa8 b6 10. Nxb6 axb6 11. c3 Bb7 12. Ne2 Nd4 13. Qh3 Nxe2 14. Kxe2 f5 15. d3 f4 16. Re1 g5 17. Kf1 h5 0-1

[Event "EM/4/I/06 corr"]
[Site "CAPA email"]
[Date "1999.??.??"]
[Round "2"]
[White "Olgiati, Rafael"]
[Black "Mateo, Sebastian"]
[Result "1-0"]
[WhiteElo "2127"]
[BlackElo "2000"]
[PlyCount "41"]
[EventDate "1999.06.24"]
[EventType "tourn (corr)"]
[EventRounds "4"]
[EventCountry "ARG"]
[SourceTitle "Corr 2002"]
[Source "ChessBase"]
[SourceDate "2002.05.23"]
[SourceVersion "1"]
[SourceVersionDate "2002.05.23"]
[SourceQuality "1"]

1. e4 c6 2. d4 d5 3. Nc3 dxe4 4. Nxe4 Nf6 5. Nxf6+ gxf6 6. c3 Bf5 7. Nf3 Qc7 8. Nh4 Bg6 9. Qf3 Nd7 10. Nxg6 hxg6 11. Bf4 e5 12. Bg3 Bh6 13. Bc4 f5 14. h3 f4 15. Bh2 f5 16. g4 Qb6 17. gxf5 Qxb2 18. 0-0 0-0-0 19. dxe5 Rhe8 20. Rab1 Nxe5 21. Qxc6+ 1-0

[Event "EM/7/I/10 corr"]
[Site "CAPA email"]
[Date "1999.??.??"]
[Round "1"]
[White "Pinasco, Damian"]
[Black "Mateo, Sebastian"]
[Result "1-0"]
[WhiteElo "2000"]
[BlackElo "2000"]
[PlyCount "47"]
[EventDate "1999.06.24"]
[EventType "swiss (corr)"]
[EventRounds "7"]
[EventCountry "ARG"]
[SourceTitle "Corr 2002"]
[Source "ChessBase"]
[SourceDate "2002.05.23"]
[SourceVersion "1"]
[SourceVersionDate "2002.05.23"]
[SourceQuality "1"]

1. e4 c6 2. d4 d5 3. Nd2 dxe4 4. Nxe4 Nf6 5. Nxf6+ gxf6 6. c3 Bf5 7. Nf3 e6 8. g3 Qd5 9. Bg2 Be4 10. 0-0 Nd7 11. Re1 f5 12. Rxe4 fxe4 13. Ng5 Nf6 14. Qe2 Qd7 15. Bf4 h6 16. Nxe4 Nxe4 17. Bxe4 Bd6 18. Bxd6 Qxd6 19. b4 0-0-0 20. b5 c5 21. Qc4 b6 22. Qa4 Rd7 23. Qa6+ Kb8 24. Bc6 1-0